00274pam a2200109 a 4500020000500000041000800005082001500013100002400028245005000052260003800102300002400140 c aeng a535.4bOST aOstrovsky,eauthor. aHolography and its ApplicationshDonate Books aMoscow:bMIR Publication.,c1977. a267:bp.b.;c17*13.